000 00782nam a2200253Ia 4500
003 OSt
005 20220930185301.0
006 a|||||r|||| 00| 0
007 ta
008 220926b |||||||| |||| 00| 0 eng d
020 _a9781412965804 (hbk)
_c6167.5
024 _a919
037 _b377, 09/01/2009, Bhartiya Sahitya Bhawan
_cDictionary
040 _aCRL
_cCRL
_beng
041 _2eng
_aeng
082 _aW:511k, P8(RR)
100 _aHamowy Ronald
_9253619
245 0 _aEncyclopedia of libertarianism
260 _aLondon
_bSage Publications UK
_c2008
300 _axxxvii, 623p.
_ccm.
650 _aPOLITICAL SCIENCE
942 _hW:511k, P8(RR)
_cDIC
_2CC
999 _c889881
_d889881